Balkan ülkeleri ile kamu yönetiminde etkinlik ve verimlilik çalıştayı = (Record no. 200419992)

MARC details
000 -LEADER
fixed length control field 01464 a2200349 4500
001 - CONTROL NUMBER
control field 200419992
003 - CONTROL NUMBER IDENTIFIER
control field TR-AnTOB
005 - DATE AND TIME OF LATEST TRANSACTION
control field 20240521150151.0
008 - FIXED-LENGTH DATA ELEMENTS--GENERAL INFORMATION
fixed length control field 140801s tu 000 0
040 ## - CATALOGING SOURCE
Original cataloging agency TR-AnTOB
Language of cataloging eng
Description conventions rda
Transcribing agency TR-AnTOB
041 0# - LANGUAGE CODE
Language code of text/sound track or separate title Türkçe
-- İngilizce
050 00 - LIBRARY OF CONGRESS CALL NUMBER
Classification number DR45
Item number .B35 2014
090 ## - LOCALLY ASSIGNED LC-TYPE CALL NUMBER (OCLC); LOCAL CALL NUMBER (RLIN)
Classification number (OCLC) (R) ; Classification number, CALL (RLIN) (NR) DR45 .B35 2014
111 1# - MAIN ENTRY--MEETING NAME
Meeting name or jurisdiction name as entry element Balkan Ülkeleri İle Kamu Yönetiminde Etkinlik Ve Verimlilik Çalıştayı
Date of meeting (2014 :
Location of meeting Ankara)
9 (RLIN) 100328
245 10 - TITLE STATEMENT
Title Balkan ülkeleri ile kamu yönetiminde etkinlik ve verimlilik çalıştayı =
Remainder of title workshop on efficiency and effectiveness in public administration among Balkan countries /
Statement of responsibility, etc. Başbakanlık Uzmanları Derneği.
246 13 - VARYING FORM OF TITLE
Title proper/short title Workshop final report
Title proper/short title Çatıştay sonuç raporu
264 #1 - PRODUCTION, PUBLICATION, DISTRIBUTION, MANUFACTURE, AND COPYRIGHT NOTICE
Place of production, publication, distribution, manufacture Ankara :
Name of producer, publisher, distributor, manufacturer Başbakanlık Uzmanları Derneği,
Date of production, publication, distribution, manufacture, or copyright notice 2014.
300 ## - PHYSICAL DESCRIPTION
Extent 82 sayfa ;
Dimensions 24 cm.+ CD
336 ## - CONTENT TYPE
Content type term text
Source rdacontent
337 ## - MEDIA TYPE
Media type term unmediated
Source rdamedia
338 ## - CARRIER TYPE
Carrier type term volume
Source rdacarrier
504 ## - BIBLIOGRAPHY, ETC. NOTE
Bibliography, etc. note
651 #0 - SUBJECT ADDED ENTRY--GEOGRAPHIC NAME
Geographic name Türkiye
General subdivision İlişkiler
Geographic subdivision Balkan Yarımadası
Form subdivision Kongreler
9 (RLIN) 100330
Geographic name Balkan Yarımadası
General subdivision İlişkiler
Geographic subdivision Türkiye
Form subdivision Kongreler
9 (RLIN) 100329
Geographic name Balkan Peninsula
General subdivision History
Form subdivision Congresses
9 (RLIN) 69393
Geographic name Balkan Peninsula
General subdivision Relations
Geographic subdivision Turkey
Form subdivision Congresses
9 (RLIN) 88785
Geographic name Turkey
General subdivision Relations
Geographic subdivision Balkan Peninsula
Form subdivision Congresses
9 (RLIN) 88786
Geographic name Balkan yarımadası
General subdivision Tarih
Form subdivision Kongreler
9 (RLIN) 69395
942 ## - ADDED ENTRY ELEMENTS (KOHA)
Koha item type Book
Source of classification or shelving scheme Library of Congress Classification
Holdings
Withdrawn status Lost status Source of classification or shelving scheme Not for loan Collection code Home library Current library Shelving location Date acquired Source of acquisition Cost, normal purchase price Serial Enumeration / chronology Inventory number Total Checkouts Total Holds Full call number Barcode Copy number Cost, replacement price Date shelved Koha item type
      Ödünç Verilebilir / Available Genel Koleksiyon Merkez Kütüphane Merkez Kütüphane Genel Koleksiyon / Main Collection 23/07/2014 Bağış / Donation 0.00 1 TAR     DR45 .B35 2014 0044822 1 0.01   Book
Devinim Yazılım Eğitim Danışmanlık tarafından Koha'nın orjinal sürümü uyarlanarak geliştirilip kurulmuştur.